Central Library OPAC University of Rajshahi

Problems in Shakespeare's penmanship : (Record no. 18541)

MARC details
000 -LEADER
fixed length control field 00975cam a22002652 4500
001 - CONTROL NUMBER
control field 18541
003 - CONTROL NUMBER IDENTIFIER
rucl marc code BD-RjUL
005 - DATE AND TIME OF LATEST TRANSACTION
control field 20211209000311.0
008 - FIXED-LENGTH DATA ELEMENTS--GENERAL INFORMATION
fixed length control field 140220s1927 nyuch 001 0 eng
035 ## - SYSTEM CONTROL NUMBER
System control number (BD-RjUL)18599
040 ## - CATALOGING SOURCE
Original cataloging agency DLC
Transcribing agency FHM
Modifying agency OCL
-- EQO
-- BD-RjUL
Language of cataloging eng
041 ## - LANGUAGE CODE
Language code of text/sound track or separate title eng
082 ## - DEWEY DECIMAL CLASSIFICATION NUMBER
Classification number 822.33
Author mark and year TAP
100 1# - MAIN ENTRY--PERSONAL NAME
Personal name Tannenbaum, Samuel A.
Fuller form of name (Samuel Aaron),
Dates associated with a name 1874?-1948.
9 (RLIN) 57144
245 10 - TITLE STATEMENT
Title Problems in Shakespeare's penmanship :
Remainder of title including a study of the poets will /
Statement of responsibility, etc. Samuel A. Tannenbaum.
260 ## - PUBLICATION, DISTRIBUTION, ETC. (IMPRINT)
Place of publication, distribution, etc. New York :
Name of publisher, distributor, etc. The Century co. for the Modern language association of America,
Date of publication, distribution, etc. 1927.
300 ## - PHYSICAL DESCRIPTION
Pagination xvi, 241 p. :
Illustrations incl. front. (port.) facsims. (3 fold. in pocket) ;
Size 23 cm.
504 ## - BIBLIOGRAPHY, ETC. NOTE
Bibliography, etc Includes index.
600 10 - SUBJECT ADDED ENTRY--PERSONAL NAME
Personal name Shakespeare, William,
Dates associated with a name 1564-1616
Personal name Shakespeare, William,
Dates associated with a name 1564-1616
General subdivision Will.
710 2# - ADDED ENTRY--CORPORATE NAME
Corporate name or jurisdiction name as entry element Modern Language Association of America.
9 (RLIN) 57147
942 ## - ADDED ENTRY ELEMENTS (KOHA)
Source of classification or shelving scheme Dewey Decimal Classification
Koha item type Books
Holdings
Lost status Source of classification or shelving scheme Damaged status Not for loan Collection code Permanent Location Current Location Shelving location Date acquired Source of acquisition Cost, normal purchase price Total Checkouts Full call number Date last seen Copy number Koha item type
  Dewey Decimal Classification   Not For Loan Fiction Central Library, University of Rajshahi Central Library, University of Rajshahi Reading Room 11/11/1968 Zeitlinger 105.00   822.33 TAP 1927 20/02/2014 C-1 Books